000 00671nam a22002177a 4500
003 UA-OsUOA
001 39669
007 ta
008 20080516b un ||||| |||| 00| 0 ukr d
090 _a050
_bС69
942 _cBK
040 _aUA-OsUOA
_bukr
_cUA-OsUOA
_dUA-OsUOA
245 _aСоціум. Альманах соціальної історії
_bВип. 7
300 _a289 с.
955 _a4
041 _aukr
080 _a050
260 _aК.
_c2007
650 7 _a050 Серійні публікації. Періодика галузі, Організація та інші типи поєднання (співробітництва)
_2UDC
999 _c438178
_d438178